Statistics for UEFA Champions League Team of the Season 2018-2019

Click here to take the quiz!

General Stats

  • This quiz has been taken 100 times
  • The average score is 17 of 20

Answer Stats

PositionPlayerClubNationality% Correct
GKAlisson BeckerLiverpoolBrazil
98%
GKMarc-Andre ter StegenBarcelonaGermany
97%
CBVirgil Van DijkLiverpoolNetherlands
96%
LBAndrew RobertsonLiverpoolScotland
95%
STLionel MessiBarcelonaArgentina
95%
STCristiano RonaldoJuventusPortugal
93%
WSadio ManéLiverpoolSenegal
93%
CAM/WKevin De BruyneMan CityBelgium
92%
CBMatthijs De LigtAjaxNetherlands
92%
RBTrent Alexander-ArnoldLiverpoolEngland
91%
STLucas MouraTottenhamBrazil
87%
CMFrenkie de JongAjaxNetherlands
86%
WRaheem SterlingMan CityEngland
86%
WGeorginio WijnaldumLiverpoolNetherlands
85%
STDušan TadićAjaxSerbia
81%
WHakim ZiyechAjaxMorocco
79%
CMMoussa SissokoTottenhamFrance
79%
CBJan VertonghenTottenhamBelgium
75%
WDavid NeresAjaxBrazil
70%
CMTanguy NdombeleLyonFrance
56%

Score Distribution

Percentile by Number Answered

Percent of People with Each Score

Your Score History

You have not taken this quiz